Who wrote it? - Statistics

General Stats
  • This quiz has been taken 41 times
  • The average score is 15 of 20
Answer Stats
Title Author % Correct
Hamlet William Shakespeare
100%
Animal Farm George Orwell
98%
Harry Potter J.K. Rowling
98%
Nineteen Eighty Four George Orwell
95%
The Oddysey Homer
93%
The Lord of the Rings J.R.R. Tolkien
85%
The Adventures of Huckleberry Finn Mark Twain
85%
Jane Eyre Charlotte Bronte
78%
Pride and Prejudice Jane Austen
78%
Great Expectation Charles Dickens
76%
The Great Gatsby F. Scott Fitzgerald
76%
War and Peace Leo Tolstoy
76%
Les Misérables Victor Hugo
76%
Moby Dick Herman Melville
66%
Brave New World Aldous Huxley
63%
Gulliver's Travels Jonathan Swift
63%
Robinson Crusoe Daniel Defoe
56%
Treasure Island Robert Louis Stevenson
56%
Madame Bovary Gustave Flaubert
49%
The Trial Franz Kafka
46%
No matching quizzes found
Score Distribution
Percent of People with Each Score
Percentile by Number Answered
Your Score History
You have not taken this quiz